World Cup Host Nation Bids - Statistics

General Stats
  • This quiz has been taken 32 times
  • The average score is 88 of 101
Answer Stats
Year Answer % Correct
1950 Brazil
97%
2026 Canada
97%
France
97%
1994 Brazil
97%
Russia
97%
United States
97%
Canada
97%
Brazil
97%
France
97%
United States
97%
1938 | 1962 | 1970 Argentina
93%
2022 Australia
93%
1978 | 2030 Argentina
93%
Germany
93%
1934 Italy
93%
Italy
93%
Mexico
93%
South Africa
93%
South Korea
93%
1982 Spain
93%
Spain
93%
Uruguay
93%
Uruguay
93%
Germany
93%
1942 Argentina
93%
2014 Argentina
93%
Germany
93%
Germany
93%
Italy
93%
1974 Italy
93%
Mexico
93%
Spain
93%
Spain
93%
Mexico
93%
South Africa
93%
South Korea
93%
Spain
93%
2002 Japan
90%
Morocco
90%
Portugal
90%
Qatar
90%
1958 Sweden
90%
2010 Egypt
90%
Japan
90%
Sweden
90%
Japan
90%
Morocco
90%
Portugal
90%
Chile
86%
1966 England
86%
1986 Colombia
86%
2034 Saudi Arabia
86%
England
86%
Chile
86%
Colombia
86%
Colombia
86%
England
86%
Netherlands
86%
Netherlands
86%
Peru
86%
Yugoslavia
86%
Netherlands
86%
2018 Belgium
83%
Paraguay
83%
1954 Switzerland
83%
Switzerland
83%
Soviet Union
83%
1990 Austria
76%
Greece
76%
Iran
76%
Iran
76%
Nigeria
69%
1930 Hungary
62%
Tunisia
62%
West Germany
52%
West Germany
52%
West Germany
52%
West Germany
52%
Libya
48%
No matching quizzes found
Score Distribution
Percent of People with Each Score
Percentile by Number Answered
Your Score History
You have not taken this quiz